000 00430nam a22001337a 4500
082 _a342.0546
100 _aBasit, Muhammad Abdul
245 _aThe Azad Jammu and Kashmir Interim Constitution Act, 1974:
_bwith Commentary /
_cMuhammad Abdul Basit
260 _aRawalpindi :
_bFederal Law House,
_c2015.
300 _a403 p. ;
_c24 cm.
942 _2ddc
_cBK
999 _c587176
_d587176